000 00236nam a2200097Ia 4500
001 1170018
005 20251202135930.0
008 250824s9999 xx 000 0 und d
245 0 _aNE OKURSAN O OLURSUN
_cROBERT DIYANNI
260 _bANTRE
999 _c1170018
_d1170018